Normal view
MARC view
- الموسى،نهاد تحرير.....وآخرون؛ جدعان، فهمي المشرف العام؛ المصري، عبد الرحمن تدقيق لغوي
Entry Personal Name
001 - CONTROL NUMBER
- control field: 49602
003 - CONTROL NUMBER IDENTIFIER
- control field: JO-AjAnu
005 - DATE AND TIME OF LATEST TRANSACTION
- control field: 20230606082155.0
008 - FIXED-LENGTH DATA ELEMENTS
- fixed length control field: 230606|| aca||aabn | a|a d
040 ## - CATALOGING SOURCE
- Original cataloging agency: JO-AjAnu
- Transcribing agency: JO-AjAnu
100 ## - HEADING--PERSONAL NAME
- Personal name: الموسى،نهاد تحرير.....وآخرون؛ جدعان، فهمي المشرف العام؛ المصري، عبد الرحمن تدقيق لغوي
670 ## - SOURCE DATA FOUND
- Source citation: Work cat.: (JO-AjAnu)25364: الموسى،نهاد تحرير.....وآخرون؛ جدعان، فهمي المشرف العام؛ المصري، عبد الرحمن تدقيق لغوي, author, حصاد القرآن المنجزات العلمية والإنسانية في القرن العشرين الأدب والنقد +الفنون